| 000 | 00000nam##2200000za#4500 |
| 001 | 9.675999 |
| 003 | CaOODSP |
| 005 | 20210624225546 |
| 007 | cr ||||||||||| |
| 008 | 150407|1992||||xxc|||||o f|0| 0 eng|d |
| 040 | |aCaOODSP|beng |
| 041 | |aeng |
| 041 | |afre |
| 043 | |an-cn--- |
| 086 | 1 |aCS92-317/1992-PDF |
| 245 | 00|aCensus Divisions and census subdivisions - Western Provinces and the Territories |h[electronic resource] |
| 246 | 1 |iSeries title also given on publication as : |aEnumeration area reference lists |
| 260 | |aOttawa - Ontario : |bStatistics Canada |c1992. |
| 500 | |aHistorical census publication digitized by Statistics Canada. |
| 590 | |a13-04-Supp|b2013-02-13 |
| 690 | 07|aCensus|2gcpds |
| 710 | 2 |aStatistics Canada. |
| 792 | |tDivisions de recensement et subdivisions de recensement - Provinces de l'Ouest et territoires |efre|w(CaOODSP)9.676000 |
| 856 | 40|ahttp://publications.gc.ca|qPDF|s9.3 MB|uhttps://publications.gc.ca/collections/collection_2013/statcan/rh-hc/CS92-317-1992.pdf |